LIBRARY & INFORMATION CENTRE, KCAET, TAVANUR

ONLINE PUBLIC ACCESS CATALOGUE (OPAC)

Effect of land use on water yield from small agricultural watersheds of western ghats (Record no. 15277)

MARC details
000 -LEADER
fixed length control field 00650nam a22001697a 4500
003 - CONTROL NUMBER IDENTIFIER
control field OSt
088 ## - REPORT NUMBER
Report number T 27
100 ## - MAIN ENTRY--AUTHOR NAME
Personal name ABDUL HAKKIM V.M
245 ## - TITLE STATEMENT
Title Effect of land use on water yield from small agricultural watersheds of western ghats
260 ## - PUBLICATION, DISTRIBUTION, ETC. (IMPRINT)
Place of publication Tavanur 1993
Name of publisher Kelappaji College of Agricultural Engineering and Technology
300 ## - PHYSICAL DESCRIPTION
Number of Pages 129
500 ## - GENERAL NOTE
General note Effect of land use on water yield from small agricultural watersheds of western ghats
520 ## - SUMMARY, ETC.
Summary, etc Effect of land use on water yield from small agricultural watersheds of western ghats
700 ## - ADDED ENTRY--PERSONAL NAME
Personal name Er. Xavier K. Jacob (Guide)
942 ## - ADDED ENTRY ELEMENTS (KOHA)
Koha item type Theses
Holdings
Collection code Home library Current library Shelving location Full call number Accession Number Koha item type Public note
Reference KAUAET KAUAET Reference 631.75807 ABD/EF T 27 Theses M.Tech Thesis
free website counter